<?xml version="1.0" encoding="UTF-8"?><?xml-stylesheet type="text/xsl" href="static/style.xsl"?><OAI-PMH xmlns="http://www.openarchives.org/OAI/2.0/" xmlns:xsi="http://www.w3.org/2001/XMLSchema-instance" xsi:schemaLocation="http://www.openarchives.org/OAI/2.0/ http://www.openarchives.org/OAI/2.0/OAI-PMH.xsd"><responseDate>2026-04-13T06:33:47Z</responseDate><request verb="GetRecord" identifier="oai:www.recercat.cat:2072/437654" metadataPrefix="marc">https://recercat.cat/oai/request</request><GetRecord><record><header><identifier>oai:recercat.cat:2072/437654</identifier><datestamp>2025-04-27T04:27:12Z</datestamp><setSpec>com_2072_98</setSpec><setSpec>col_2072_378192</setSpec></header><metadata><record xmlns="http://www.loc.gov/MARC21/slim" xmlns:dcterms="http://purl.org/dc/terms/" xmlns:xsi="http://www.w3.org/2001/XMLSchema-instance" xmlns:doc="http://www.lyncode.com/xoai" xsi:schemaLocation="http://www.loc.gov/MARC21/slim http://www.loc.gov/standards/marcxml/schema/MARC21slim.xsd">
   <leader>00925njm 22002777a 4500</leader>
   <datafield ind2=" " ind1=" " tag="042">
      <subfield code="a">dc</subfield>
   </datafield>
   <datafield ind2=" " ind1=" " tag="720">
      <subfield code="a">Casas-Tost, Helena</subfield>
      <subfield code="e">author</subfield>
   </datafield>
   <datafield ind2=" " ind1=" " tag="720">
      <subfield code="a">Rovira-Esteva, Sara</subfield>
      <subfield code="e">author</subfield>
   </datafield>
   <datafield ind2=" " ind1=" " tag="260">
      <subfield code="c">2019</subfield>
   </datafield>
   <datafield ind2=" " ind1=" " tag="520">
      <subfield code="a">Audiovisual translation has become one of the main means of communication between cultures. Although the number of Chinese films that reach Spanish audiences is rather limited, the cinema is still a very powerful tool in bridging the gap between these two cultures. This paper aims to give an overview of the situation of Chinese cinema in Spain through audiovisual translation. In order to do so, a database of 500 Chinese films translated into Spanish has been created. For each film, different types of information organized into three blocks have been collected: firstly, data regarding the source film in Chinese; secondly, data on the translated film; and finally, information about paratexts related to the film in Chinese, Spanish and English. Through a quantitative and qualitative analysis of our data the main trends in Chinese-Spanish audiovisual translation from the mid-1970s to today are shown. Our results identify the most popular Chinese directors and the main genres and translation modalities. We point out the role of the translator and the importance of mediating languages; and, finally, we highlight the significance of distribution channels, particularly film festivals. This article aims at filling the gap with regard to research in audiovisual translation as an intercultural exchange between China and Spain</subfield>
   </datafield>
   <datafield tag="653" ind2=" " ind1=" ">
      <subfield code="a">Chinese cinema</subfield>
   </datafield>
   <datafield tag="653" ind2=" " ind1=" ">
      <subfield code="a">Chinese-Spanish translation</subfield>
   </datafield>
   <datafield tag="653" ind2=" " ind1=" ">
      <subfield code="a">Audiovisual translation</subfield>
   </datafield>
   <datafield tag="653" ind2=" " ind1=" ">
      <subfield code="a">Reception</subfield>
   </datafield>
   <datafield tag="653" ind2=" " ind1=" ">
      <subfield code="a">Cinéma chinois</subfield>
   </datafield>
   <datafield tag="653" ind2=" " ind1=" ">
      <subfield code="a">Traduction du chinois en espagnol</subfield>
   </datafield>
   <datafield tag="653" ind2=" " ind1=" ">
      <subfield code="a">Traduction audiovisuelle</subfield>
   </datafield>
   <datafield tag="653" ind2=" " ind1=" ">
      <subfield code="a">Réception</subfield>
   </datafield>
   <datafield ind2="0" ind1="0" tag="245">
      <subfield code="a">Chinese cinema in Spain : an overview through audiovisual translation</subfield>
   </datafield>
</record></metadata></record></GetRecord></OAI-PMH>